书目信息 |
| 题名: |
地面气象测报业务工作手册
|
|
| 作者: | 孙力 , 高玉庄 主编 ;赵永涛 编写 | |
| 分册: | ||
| 出版信息: | 北京 气象出版社 2009.09 |
|
| 页数: | 152页 | |
| 开本: | 26cm | |
| 丛书名: | ||
| 单 册: | ||
| 中图分类: | P412.1-62 | |
| 科图分类: | ||
| 主题词: | 地面观测--气象观测--手册 , 地面观测 , 气象观测 | |
| 电子资源: | ||
| ISBN: | 978-7-5029-4811-5 | |
| 000 | 00983nam0 2200277 450 | |
| 001 | 010800017416 | |
| 005 | 20091230085613.17 | |
| 010 | @a978-7-5029-4811-5@dCNY25.00 | |
| 100 | @a20091123d2009 em y0chiy0110 ea | |
| 101 | 0 | @achi |
| 102 | @aCN@b110000 | |
| 105 | @ak z 000yy | |
| 106 | @ar | |
| 200 | 1 | @a地面气象测报业务工作手册@9di mian qi xiang ce bao ye wu gong zuo shou ce@f孙力,高玉庄主编@g赵永涛[等]编写 |
| 210 | @a北京@c气象出版社@d2009.09 | |
| 215 | @a152页@d26cm | |
| 330 | @a本书共分四部分26章,主要讲述气象台站常规地面气象观测方法和气象仪器安装维护的要点。包括地面气象观测组织工作、地面气象观测技术规定、自动气象站业务运行及规章制度、管理规定等。 | |
| 606 | 0 | @a地面观测@x气象观测@j手册 |
| 606 | 0 | @a地面观测 |
| 606 | 0 | @a气象观测 |
| 690 | @aP412.1-62@v4 | |
| 701 | 0 | @a孙力@9sun li@4主编 |
| 701 | 0 | @a高玉庄@9gao yu zhuang@4主编 |
| 702 | 0 | @a赵永涛@9zhao yong tao@4编写 |
| 801 | 0 | @aCN@bRENTIAN@c20091230 |
| 905 | @b20798797-801@dP412.1-62@e72@f5 | |
| 地面气象测报业务工作手册/孙力,高玉庄主编/赵永涛[等]编写.-北京:气象出版社,2009.09 |
| 152页;26cm |
| ISBN 978-7-5029-4811-5:CNY25.00 |
| 本书共分四部分26章,主要讲述气象台站常规地面气象观测方法和气象仪器安装维护的要点。包括地面气象观测组织工作、地面气象观测技术规定、自动气象站业务运行及规章制度、管理规定等。 |
| ● |
| 相关链接 |
|
|
|
|
正题名:地面气象测报业务工作手册
索取号:P412.1-62/72
 
预约/预借
| 序号 | 登录号 | 条形码 | 馆藏地/架位号 | 状态 | 备注 |
| 1 | 798797 | 207987972 | 第二样本阅览室/ [索取号:P412.1-62/72] | 在馆 | |
| 2 | 798798 | 207987981 | 第三借阅区/ [索取号:P412.1-62/72] | 在馆 | |
| 3 | 798799 | 207987990 | 第三借阅区/ [索取号:P412.1-62/72] | 在馆 | |
| 4 | 798800 | 207988007 | 第三借阅区/ [索取号:P412.1-62/72] | 在馆 | |
| 5 | 798801 | 207988016 | 第三借阅区/ [索取号:P412.1-62/72] | 在馆 |